The principles of electrochemistry.

Guardado en:
Autor Principal: MacInnes, Duncan A. 1885-1965.
Formato: Libro
Idioma:English
Publicado: New York : Dover, [c1961]
Etiquetas: Agregar Etiqueta
Sin Etiquetas, Sea el primero en etiquetar este registro!
LEADER 00429nam a22001335a 4500
001 EEA.libagro000367
008 130809s1961####nyua##########000#0#eng#d
005 20220505112935.0
245 1 4 |a The principles of electrochemistry. 
260 |a New York :  |b Dover,  |c [c1961] 
300 |a 478 p. :  |b il. ;  |c 21 cm. 
100 1 |a MacInnes, Duncan A.  |q (Duncan Arthur),  |d 1885-1965. 
082 0 4 |a 541.37 
859 |a AR-BbBCA  |b BIB. AGRONOMIA  |h 541.37  |i M152  |p 1965/0291